000 01272nam a2200229Ia 4500
001 11495
003 GE_BSU
008 181216s||||||||xx |||||||||||||| ||und||
040 _cGE_BSU
080 _a53(076.2)+53(076.1)
100 _aკურკუმული,გ.
245 _aფიზიკის ამოცანების ამოხსნის ნიმუშები და სავარჯიშოები
245 _bდამხმარე სახელმძღვ.მოსამზად.განყოფ.მსმენელებისა და აბიტურიენტებისათვის.
245 _cრედ:დ.ღონღაძე.
250 _aმე–3 გადამუშ.გამოც.
260 _aთბილისი
260 _bგანათლება
260 _c1984
300 _a654გვ;20სმ.
653 _aფიზიკის ამოცანების ამოხსნის ნიმუშები და სავარჯიშოები.დამხმარე სახელმძღვ.მოსამზად.განყოფ.მსმენელებისა და აბიტურიენტებისათვის.
942 _cBK
999 _c44691
_d44691